000 00894nam a2200229 i 4500
001 158840
003 ES-MaACL
005 20251002203457.0
008 040906q18451900fr |||| | fre d
040 _aCAM
_bspa
_cCAM
100 1 _aMarryat, Frederick.
_9188175
245 1 3 _aLe pacha /
_cpar le capitaine Marryat ; traduction de La Bédollière.
260 _aParis :
_bG. Barba,
_c[s.a.] (
_fTypographie Plon frères)
300 _a64 p. :
_bil. ;
_c30 cm.
490 1 _aRomans populaires illustrés /Bertall
594 _aAutor y título y editor tomado de principio del texto.
596 _aImpreso ca. a mediados del s. XIX.
700 1 _aLa Bédollière, Émile de,
_d1812-1883
_9152767
830 0 _aRomans populaires illustrés /Bertall
_9221891
852 _aES-MaACL
_jR-1704(5)
_z-- Enc. hol. - Enc. con otras obras
_q.- Ejemplar sin portada
999 _c158840
_d158840